000 00623nam a2200205 i 4500
001 36512
003 ES-MaACL
005 20230906155402.0
007 t|
008 030218s1958 sp ||||1| spa d
100 1 _aBruyne, Edgar de.
_932240
245 1 0 _aEstudios de estética medieval /
_cEdgar de Bruyne.
260 _aMadrid :
_bGredos,
_c[1958] (
_fCóndor)
300 _a3 v. ;
_c20 cm.
490 1 _aBiblioteca hispánica de filosofía
650 4 _aEstética-
_vHistoria.
_9158972
830 0 _aBiblioteca hispánica de filosofía
_9181000
852 _aES-MaACL
_jC-16223-5
_bR.44189
999 _c36512
_d36512